00256 a2200109 4500001000700000040003200007245006300039260000800102362000900110650001400119650001300133125945 cEscola Canadense de Niteroi10aNational Geographic: memory why we remember, why we forget aUSA0 a2007 4aMagazines 4aMemories